000 00388nam a2200145Ia 4500
008 150301s2013 xx 000 0 und d
082 _a612.015
_bP2013R
100 _aRAFI
245 _aPRINCIPLES & APPLICATIONS OF BIOCHEMISTRY IN MEDICINE
250 _a1ST
260 _bPATH FINDER MEDICAL PUBLISHERS
_aHYDERABAD
_c2013
300 _a1-722
650 _aBIOCHEMISTRY
942 _2ddc
_cBK
999 _c6890
_d6890